000 02548nam a2200301 a 4500
001 16977207
008 150225s2011 ||||||||||||||||| || u
010 _a2011500502
020 _a9781607740018 (pbk.)
020 _a160774001X (pbk.)
050 _a378.198 Nis
100 _aNist-Olejnik, Sherrie
245 1 0 _aCollege rules!: how to study, survive, and succeed in college. -- 3rd ed.
_cby Sherrie Nist-Olejnik and Jodi Patrick Holschuh
250 _a3rd ed.
260 _aBerkeley, California:
_bTen Speed Press
_c2011
300 _ax, 342p.: ill.
500 _aIncludes Index
505 _aYou're in the big time now -- Where to find the help you need -- A few words about professors -- Zen and the art of course selection -- Major decisions: selecting a field of study -- Classes, work, and play : adjusting to the demands of college -- Timely tips: the ABC(&D)s of time management -- "I think I can, I think I can" : getting and staying motivated -- Igniting the fire: discovering your inner learner -- Arrrrrrrgh! and other ways to handle stress -- What's it all about? : understanding how you learn -- Can you believe that? -- Shhhhh-- a moment of silence, please : concentrating while you study -- Your course syllabus is your friend -- What's up, doc? : understanding your prof's expectations -- Take note! -- Words! words! words! -- Active reading -- Three Rs and an M : remembering what you have read and heard -- Studying smarter -- Learning 2.0 : technology, college, and you -- Everything you wanted to know about research and presentations but were afraid to ask -- It's more than multiple guess : prepping for and taking objective exams -- Bluebook blues : prepping for and taking essay exams -- Is that your final answer? -- Just the FAQs : frequently asked questions.
520 _aAn updated and expanded edition of a college survival primer by two college professors shares essential advice and strategies on topics ranging from stress management and test preparation to staying motivated and balancing academics with a social life.
650 7 _aCOLLEGE STUDENTS--UNITED STATES
_2sears
650 0 _aSTUDY SKILLS--UNITED STATES
650 0 _aCOLLEGE STUDENT ORIENTATION--UNITED STATES
650 0 _aSTUDY SKILLS
650 7 _aCOLLEGE STUDENTS--CONDUCT OF LIFE
_2sears
650 0 _aCOLLEGE STUDENTS--UNITED STATES--CONDUCT OF LIFE
700 _aHolschuh, Jodi
995 _aAMERICAN CORNER
_e0103789
_FCBU-DAG HAMMARSKJOLD INSTITUTE LIBRARY
_j378.198 Nis
_M1
_UAVAILABLE
_WFeb 25, 2015
_y0103789
_ZAmerican Collection
999 _c155
_d155